| 000 | 00647nam a2200205 4500 | ||
|---|---|---|---|
| 001 | 139405 | ||
| 003 | ES-MaACL | ||
| 005 | 20231229062549.0 | ||
| 007 | t| | ||
| 008 | 070214s1953 sp r ||||1| spa d | ||
| 100 | 1 |
_aSassone, Felipe. _9103913 |
|
| 245 | 1 | 1 |
_a¡Estos mis papelitos, madre! / _cFelipe Sassone ; nota preliminar de Federico Carlos Sainz de Robles. |
| 260 |
_aMadrid : _bAguilar, _c1953. |
||
| 300 |
_a285 p. ; _c20 cm. |
||
| 490 | 1 | _aColección literaria | |
| 700 | 1 |
_aSainz de Robles, Federico Carlos, _d1898-1982 _9101593 |
|
| 830 | 1 |
_aColección literaria _9179831 |
|
| 852 |
_aES-MaACL _jC-7932 |
||
| 999 |
_c139405 _d139405 |
||